Una tabla del Maestro del Papagayo desconocida del Museo de Bellas Artes de Bilbao / (Record no. 106209)

MARC details
000 -LEADER
campo de control de longitud fija 00889nam a2200217 i 4500
001 - NÚMERO DE CONTROL
campo de control 106209
003 - IDENTIFICADOR DE NÚMERO DE CONTROL
campo de control ES-MaACL
005 - FECHA Y HORA DE LA ÚLTIMA TRANSACCIÓN
campo de control 20231214203307.0
007 - CAMPO FIJO DE DESCRIPCIÓN FÍSICA--INFORMACIÓN GENERAL
campo de control de longitud fija t|
008 - DATOS DE LONGITUD FIJA--INFORMACIÓN GENERAL
campo de control de longitud fija 061010s1986 sp ||||1| spa d
080 ## - NÚMERO DE LA CLASIFICACIÓN DECIMAL UNIVERSAL
Número de la Clasificación Decimal Universal 75 Maestro del Papagayo
100 1# - ENTRADA PRINCIPAL--NOMBRE DE PERSONA
Nombre de persona Díaz Padrón, Matías,
Fechas asociadas al nombre 1934-2022
9 (RLIN) 44376
245 14 - MENCIÓN DEL TÍTULO
Título Una tabla del Maestro del Papagayo desconocida del Museo de Bellas Artes de Bilbao /
Mención de responsabilidad, etc. Matías Díaz Padrón.
260 ## - PUBLICACIÓN, DISTRIBUCIÓN, ETC.
Lugar de publicación, distribución, etc. Madrid :
Nombre del editor, distribuidor, etc. Real Academia de Bellas Artes de San Fernando,
Fecha de publicación, distribución, etc. 1986.
300 ## - DESCRIPCIÓN FÍSICA
Extensión p. 157-160, [2] p. de lám. ;
Dimensiones 25 cm.
500 ## - NOTA GENERAL
Nota general Separata de Academia: Boletín de la Real Academia de Bellas Artes de San Fernando, primer semestre de 1986, nº 62.
600 14 - PUNTO DE ACCESO ADICIONAL DE MATERIA--NOMBRE DE PERSONA
Nombre de persona Maestro del Papagayo.
9 (RLIN) 75415
710 2# - ENTRADA AGREGADA--NOMBRE DE ENTIDAD CORPORATIVA
Nombre de entidad corporativa o nombre de jurisdicción como elemento de entrada Real Academia de Bellas Artes de San Fernando.
9 (RLIN) 6291
852 ## - LOCALIZACIÓN
Ubicación ES-MaACL
Número de control de estantería 2206-F-8
Sublocalización o colección R.137987
Holdings
Estatus retirado Estado de pérdida Estado de daño No para préstamo Colección Biblioteca de origen Biblioteca actual Ubicación en estantería Fecha de adquisición Fuente de adquisición Total de préstamos Signatura topográfica completa Código de barras Visto por última vez Precio de reemplazo Tipo de ítem Koha
        Colección de folletos Biblioteca del Ateneo de Madrid Biblioteca del Ateneo de Madrid Depósito folletos 17/01/2008     2206-F-8 1110876 23/02/2023 23/02/2023 Folleto